|
|
|
|
| LEADER |
00000nam a22000007a 4500 |
| 005 |
20210405233020.0 |
| 007 |
cr|||| |||| |
| 008 |
210405c19869999us n|w s|||| 0|||b1eng d |
| 022 |
|
|
|a 0268-1072
|
| 035 |
|
|
|a 32915
|
| 040 |
|
|
|a vLex
|
| 090 |
|
|
|c 11399
|d 11399
|
| 245 |
0 |
0 |
|a New Technology, Work and Employment
|h [Recurso electrn̤ico] /
|
| 256 |
|
|
|a Servicio en ln̕ea
|
| 260 |
|
|
|a Hoboken:
|b Wiley,
|c 1986 -
|
| 300 |
|
|
|a 1 recurso electrn̤ico
|
| 310 |
|
|
|a Irregular
|
| 362 |
|
|
|a Nð 1-1 (Mar. 1986) -
|
| 506 |
1 |
|
|a Disponible solo en los productos indicados
|d vLex Global
|d vLex Global (Academic Edition, excluding Law Schools)
|d vLex Global (Academic Edition, Law Schools)
|
| 650 |
0 |
4 |
|a Derecho del Medio Ambiente
|z Estados Unidos
|
| 650 |
0 |
4 |
|a Derecho Laboral y Seguridad Social
|z Estados Unidos
|
| 740 |
0 |
|
|a vLex Revistas (Servicio en ln̕ea)
|
| 856 |
4 |
0 |
|u https://vlex.com/source/32915
|z Acceso restringido
|
| 942 |
|
|
|c REV
|
| 999 |
0 |
|
|a Environmental Law
|
| 999 |
0 |
|
|a Labor Law and Social Security
|